000 00499nam a2200205Ia 4500
003 LK-CoDNM
005 20240314105030.0
008 010623t1933 xxu||||| |||| 00| 1 sin d
040 _aLK-CoDNM
_dLK-CoDNM
_eLK-CoDNM
041 _asin
080 _a104 EE1
100 _aPerera,M.G
245 _aගීත ශික්‍ෂක
246 _aGiita Sikshana
260 _bM.A.Perera
_aColombo
_c1933
300 _bDamaged
_aVii,420p.,27 cm
650 _aMusic
650 _aRaga
942 _cBK
999 _c96717
_d96717